[Event "TCh-NED Meesterklasse 2012-13"]
[Site "Netherland NED"]
[Date "2013.02.16"]
[Round "6.6"]
[White "Rijnaarts,S"]
[Black "Kodentsov,G"]
[Result "1-0"]
[WhiteElo "2341"]
[BlackElo "2281"]

1.e4 e5 2.Nf3 Nc6 3.Bb5 a6 4.Ba4 Nf6 5.O-O Be7 6.Re1 b5 7.Bb3 d6 8.c3 O-O
9.h3 Nb8 10.d4 Nbd7 11.Nbd2 Bb7 12.Bc2 Re8 13.Nf1 Bf8 14.Ng3 g6 15.b4 Bg7
16.Nd2 d5 17.dxe5 Nxe4 18.Ndxe4 dxe4 19.Bxe4 Bxe4 20.Nxe4 Bxe5 21.Bg5 Qc8
22.a4 Bg7 23.axb5 axb5 24.Rxa8 Qxa8 25.Qxd7 Rxe4 26.Rxe4 Qxe4 27.Qc8+ Bf8
28.Bh6 Qe1+ 29.Kh2 Qe7 30.Bxf8 Qxf8 31.Qxc7 h5 32.Qe5 h4 33.f4 Qd8 34.Qxb5 Qd2
35.Qe8+ Kg7 36.Qe5+ Kg8 37.b5 Qb2 38.Qe1 Qxb5 39.Qxh4 Qc6 40.Qd8+ Kg7 41.Qd4+ Kh7
42.c4 Qc8 43.c5 Qe6 44.Qd6 Qc4 45.c6 Kg7 46.c7 Kh7 47.h4 f6 48.Qe7+ Kh6 49.Qxf6 Qxc7
50.h5 Kxh5 51.Qg5+  1-0

[Event "ch-ROU 2013"]
[Site "Baile Olanesti ROU"]
[Date "2013.02.18"]
[Round "4.1"]
[White "Grigore,N"]
[Black "Miron,L"]
[Result "0-1"]
[WhiteElo "2385"]
[BlackElo "2526"]

1.e4 e5 2.Nf3 Nc6 3.Bb5 a6 4.Ba4 Nf6 5.O-O Be7 6.Re1 b5 7.Bb3 d6 8.c3 O-O
9.h3 Nb8 10.d4 Nbd7 11.Nbd2 Bb7 12.Bc2 Re8 13.a4 Bf8 14.Bd3 c6 15.b3 g6 16.Ba3 Qb6
17.Qc2 Nh5 18.Rad1 exd4 19.cxd4 a5 20.e5 b4 21.Bb2 Nf4 22.Nc4 Qc7 23.Bf1 d5
24.Ne3 Rac8 25.h4 Qb6 26.Qb1 c5 27.Bb5 Red8 28.Bxd7 Rxd7 29.dxc5 Bxc5 30.Ng4 Be7
31.Bd4 Qe6 32.Ne3 Ba6 33.Rd2 Rdc7 34.Kh2 Rc3 35.Bxc3 bxc3 36.Rdd1 Be2 37.Nd4 Qxe5
38.Ng4 Qh5 39.g3 Qxg4 40.gxf4 Qxf4+  0-1

[Event "ch-ROU 2013"]
[Site "Baile Olanesti ROU"]
[Date "2013.02.24"]
[Round "11.1"]
[White "Berescu,A"]
[Black "Miron,L"]
[Result "1/2-1/2"]
[WhiteElo "2495"]
[BlackElo "2526"]

1.e4 e5 2.Nf3 Nc6 3.Bb5 a6 4.Ba4 Nf6 5.O-O Be7 6.Re1 b5 7.Bb3 d6 8.c3 O-O
9.h3 Nb8 10.d4 Nbd7 11.Nbd2 Bb7 12.Bc2 Re8 13.Nf1 Bf8 14.Ng3 g6 15.b3 Bg7
16.d5 Qe7 17.Bg5 c6 18.c4 Rec8 19.Qd2 Qf8 20.Rac1 a5 21.dxc6 Bxc6 22.cxb5 Bxb5
23.Red1 a4 24.bxa4 Rxc2 25.Qxc2 Bxa4 26.Qc7 Bxd1 27.Rxd1 Rxa2 28.Rxd6 Rc2
29.Qxc2  1/2-1/2

[Event "TCh-NED Meesterklasse 2012-13"]
[Site "Netherland NED"]
[Date "2013.03.09"]
[Round "7.9"]
[White "Rijnaarts,S"]
[Black "Jens,J"]
[Result "1/2-1/2"]
[WhiteElo "2341"]
[BlackElo "2382"]

1.e4 e5 2.Nf3 Nc6 3.Bb5 a6 4.Ba4 Nf6 5.O-O Be7 6.Re1 b5 7.Bb3 d6 8.c3 O-O
9.h3 Nb8 10.d4 Nbd7 11.a4 Bb7 12.Bc2 c5 13.d5 c4 14.Be3 Qc7 15.Na3 Nc5 16.Nd2 Qd7
17.Bxc5 dxc5 18.Naxc4 bxc4 19.Nxc4 Bd6 20.Nb6 Qc7 21.Nxa8 Rxa8 22.b3 a5 23.Bd3 g6
24.Bb5 Nh5 25.g3 Rf8 26.Bd3 Ng7 27.Qd2 f5 28.Qe2 f4 29.Ba6 Ba8 30.Kh2 Qa7
31.Bc4 Bb7 32.Rg1 Bc8 33.g4 Qe7 34.f3 Qh4 35.Qe1 Qd8 36.Kg2 Kf7 37.Kf2 h5
38.Ke2 Rh8 39.Rh1 Kf8 40.Qf2 Be7 41.Rag1 Qd6 42.Kd3 Ne8 43.Kc2 Qb6 44.Bb5 Nd6
45.gxh5 Nxb5 46.axb5 Rxh5 47.Rh2 Bh4 48.Qf1 Bg3 49.Rd2 Bxh3 50.Qc4 Bd7 51.d6 Kg7
52.Ra1 Bh4 53.b4 axb4 54.cxb4 cxb4 55.Qc7 Qxb5 56.Ra7 Kh6 57.Kb2 Be1 58.Qxd7 Qxd7
59.Rxd7 Bxd2 60.Rh7+ Kxh7 61.d7 Bc3+ 62.Kb3 Rh2 63.d8=Q Rb2+ 64.Kc4 Rd2 65.Qf8 Rd4+
66.Kc5 Rd2 67.Kc6 Rd1 68.Kc5 Rd2 69.Qa8 Kg7 70.Qa7+ Kh6 71.Qe7 Rd1 72.Qf8+ Kh7
73.Kc4 Rd4+ 74.Kb5 Rd2 75.Ka4 Rd1 76.Kb3 Rd2 77.Qf6 Rb2+ 78.Kc4  1/2-1/2

[Event "UTD Turner GM Invitational 2013"]
[Site "Richardson USA"]
[Date "2013.03.09"]
[Round "1"]
[White "Guadalupe,F"]
[Black "Friedel,J"]
[Result "0-1"]
[WhiteElo "2214"]
[BlackElo "2502"]

1.e4 e5 2.Nf3 Nc6 3.Bb5 a6 4.Ba4 Nf6 5.O-O Be7 6.Re1 b5 7.Bb3 d6 8.c3 O-O
9.h3 Nb8 10.d4 Nbd7 11.c4 c6 12.Bg5 h6 13.Bh4 Nh5 14.Bxe7 Qxe7 15.Nc3 Nf4
16.Ne2 Nxe2+ 17.Qxe2 Rd8 18.Rac1 Bb7 19.a4 exd4 20.Nxd4 Qf6 21.cxb5 cxb5
22.Nc6 Bxc6 23.Rxc6 bxa4 24.Bxa4 a5 25.Rd1 Nc5 26.Bc2 Qe5 27.Rd5 Qxb2 28.e5 Qb7
29.Rdxd6 Rxd6 30.Rxd6 a4 31.e6 fxe6 32.Rxe6 Nxe6 33.Qxe6+ Qf7 34.Qe4 Re8
35.Qb4 Rf8 36.Bxa4 Qxf2+ 37.Kh2 Qf6 38.Qb3+ Kh8 39.Qg3 Qf5 40.Qc7 Rc8 41.Qd6 Qe4
42.Bb5 Qh4 43.Qg3 Qf6 44.Bd3 g5 45.Be4 h5 46.h4 g4 47.Bd3 Kg7 48.Qe1 Rc3
49.Be4 g3+ 50.Kg1 Qd4+ 51.Kf1 Rc1  0-1

[Event "Karpos Open 2013"]
[Site "Skopje MKD"]
[Date "2013.03.10"]
[Round "2.18"]
[White "Tesik,C"]
[Black "Van Kampen,R"]
[Result "1/2-1/2"]
[WhiteElo "2366"]
[BlackElo "2592"]

1.e4 e5 2.Nf3 Nc6 3.Bb5 a6 4.Ba4 Nf6 5.O-O Be7 6.Re1 b5 7.Bb3 d6 8.c3 O-O
9.h3 Nb8 10.d4 Nbd7 11.Nbd2 Bb7 12.Bc2 Re8 13.Nf1 Bf8 14.Ng3 g6 15.a4 c5
16.Be3 Qc7 17.d5 c4 18.Nh2 h5 19.Ngf1 Nc5 20.Nd2 Bg7 21.Nhf3 Nfd7 22.Qe2 Nb6
23.axb5 axb5 24.b3 cxb3 25.Nxb3 Nxb3 26.Bxb3 Ba6 27.Rec1 Rec8 28.Ne1 Nc4  1/2-1/2

[Event "Karpos Open 2013"]
[Site "Skopje MKD"]
[Date "2013.03.10"]
[Round "3.21"]
[White "Cheparinov,I"]
[Black "Strugnell,C"]
[Result "1-0"]
[WhiteElo "2706"]
[BlackElo "2301"]

1.e4 e5 2.Nf3 Nc6 3.Bb5 a6 4.Ba4 Nf6 5.O-O Be7 6.Re1 b5 7.Bb3 d6 8.c3 O-O
9.h3 Nb8 10.d4 Nbd7 11.Nbd2 Bb7 12.Bc2 c5 13.d5 c4 14.Nf1 Qc7 15.Ng3 g6 16.Nh2 Rfb8
17.f4 exf4 18.Bxf4 Ne5 19.Rf1 Ne8 20.Kh1 Bc8 21.Nf3 Bf8 22.Nd4 Bg7 23.Qd2 a5
24.Rf2 Bd7 25.Raf1 f6 26.Bh6 b4 27.Bxg7 Kxg7 28.Nge2 bxc3 29.Qxc3 a4 30.Nf4 Qa5
31.Qe3 h5 32.Nxh5+ gxh5 33.Rxf6  1-0

[Event "81st ch-St Petersburg w"]
[Site "St Petersburg RUS"]
[Date "2013.03.13"]
[Round "3"]
[White "Balaian,Ali"]
[Black "Fedoseeva,V"]
[Result "1-0"]
[WhiteElo "2213"]
[BlackElo "1937"]

1.e4 e5 2.Nf3 Nc6 3.Bb5 a6 4.Ba4 Nf6 5.O-O Be7 6.Re1 b5 7.Bb3 O-O 8.c3 d6
9.h3 Nb8 10.d4 Nbd7 11.Nbd2 Bb7 12.a4 Re8 13.Bc2 Bf8 14.Bd3 c6 15.b4 g6 16.Nb3 Rc8
17.Bb2 exd4 18.cxd4 c5 19.dxc5 dxc5 20.axb5 axb5 21.Bxb5 Rxe4 22.bxc5 Qe7
23.Rxe4 Bxe4 24.Bxd7 Rd8 25.Bxf6 Qxf6 26.Ra4 Qe7 27.Qe2 Bxf3 28.Qxe7 Bxe7
29.c6 Bd1 30.c7 Rf8 31.Re4 Bd6 32.Rd4 Bxb3 33.Rxd6  1-0

[Event "Karpos Open 2013"]
[Site "Skopje MKD"]
[Date "2013.03.15"]
[Round "8.4"]
[White "Palac,M"]
[Black "Safarli,E"]
[Result "1/2-1/2"]
[WhiteElo "2572"]
[BlackElo "2638"]

1.e4 e5 2.Nf3 Nc6 3.Bb5 a6 4.Ba4 Nf6 5.O-O Be7 6.Re1 b5 7.Bb3 d6 8.c3 O-O
9.h3 Nb8 10.d4 Nbd7 11.Nbd2 Bb7 12.Bc2 Re8 13.a4 Bf8 14.Bd3 c6 15.b3 g6 16.Qc2 Bg7
17.Ba3 Qc7 18.dxe5  1/2-1/2

[Event "ch-Moscow 2013"]
[Site "Moscow RUS"]
[Date "2013.03.22"]
[Round "1.6"]
[White "Nikolenko,O"]
[Black "Novichkov,Val"]
[Result "1/2-1/2"]
[WhiteElo "2526"]
[BlackElo "2371"]

1.e4 e5 2.Nf3 Nc6 3.Bb5 a6 4.Ba4 Nf6 5.O-O Be7 6.Re1 b5 7.Bb3 d6 8.c3 O-O
9.h3 Nb8 10.d4 Nbd7 11.c4 Bb7 12.Nc3 c6 13.a3 h6 14.Be3 Re8 15.Ba2 Bf8 16.dxe5 Nxe5
17.Nxe5 dxe5 18.Qf3 Qe7 19.b4 bxc4 20.Na4 Nd7 21.Bxc4 a5 22.Nc5 Nxc5 23.Bxc5 Qf6
24.Qc3 Ba6 25.Bb3 axb4 26.axb4 Bb5 27.Re3 Rxa1+ 28.Qxa1 Bxc5 29.bxc5 Qe7
30.Rf3 Rf8 31.Qd1 Qxc5 32.Qd7 Bc4 33.Rc3 Qb4 34.Rxc4 Qxb3 35.Qxc6 Rd8 36.Rc5 Qd1+
37.Kh2 Qd2 38.Rd5 Qf4+ 39.Kg1 Rb8 40.Rb5 Rxb5 41.Qxb5 Qc1+  1/2-1/2

[Event "Norwegian Open 2013"]
[Site "Fagernes NOR"]
[Date "2013.03.24"]
[Round "2"]
[White "Gullaksen,E"]
[Black "Hammer,J"]
[Result "1/2-1/2"]
[WhiteElo "2391"]
[BlackElo "2629"]

1.e4 e5 2.Nf3 Nc6 3.Bb5 a6 4.Ba4 Nf6 5.O-O Be7 6.Re1 b5 7.Bb3 d6 8.c3 O-O
9.h3 Nb8 10.d3 Nfd7 11.Nbd2 Nc5 12.Bc2 Ne6 13.Nf1 Bf6 14.a4 Bb7 15.axb5 axb5
16.Rxa8 Bxa8 17.d4 Nd7 18.d5 Nf4 19.Bxf4 exf4 20.Qd3 Nc5 21.Qxb5 Qb8 22.Qxb8 Rxb8
23.Ra1 c6 24.dxc6 Bxc6 25.Nd4 Bxd4 26.cxd4 Nxe4 27.Ra6 Bd5 28.Bxe4 Bxe4 29.Rxd6 f6
30.Nd2 Bd3 31.b3 Ra8 32.Re6 Ra1+ 33.Kh2 Kf7 34.d5 Ra5 35.Re1 Rxd5 36.Rc1 g5
37.Rc3 Bf5 38.Nc4 Be6 39.g3 Rd1 40.gxf4 gxf4 41.Nb6 Kg6 42.Kg2 Rd6 43.Nc4 Rd4
44.Kf1 Bd5 45.Ke1 h5 46.Nd2 Kf5 47.Ke2 Ke6 48.Rc8 Bb7 49.Rc5 h4 50.Rh5 Bg2
51.f3 Bxh3 52.Rxh4 Bf5 53.Rh8 Bd3+ 54.Kd1 Rd7 55.Rc8 Ke5 56.Ke1 Rh7 57.Re8+ Kf5
58.Ne4 Rh3 59.Nd6+ Kg6 60.b4 Rxf3 61.b5 Bxb5 62.Nxb5 Re3+ 63.Rxe3 fxe3 64.Ke2 f5
65.Kxe3 f4+ 66.Kxf4  1/2-1/2

[Event "O2C Doeberl Cup Premier 2013"]
[Site "Canberra AUS"]
[Date "2013.03.29"]
[Round "3.2"]
[White "Illingworth,M"]
[Black "Vajda,Le"]
[Result "0-1"]
[WhiteElo "2423"]
[BlackElo "2632"]

1.e4 e5 2.Nf3 Nc6 3.Bb5 a6 4.Ba4 Nf6 5.O-O Be7 6.Re1 b5 7.Bb3 d6 8.c3 O-O
9.h3 Nb8 10.d4 Nbd7 11.Nbd2 Bb7 12.Bc2 Re8 13.Nf1 Bf8 14.Bg5 h6 15.Bh4 Qc8
16.dxe5 dxe5 17.N3h2 Be7 18.Ne3 g6 19.Qf3 Kg7 20.Rad1 Nc5 21.Neg4 Ng8 22.Bg3 Bd6
23.Qe3 Nd7 24.Qc1 h5 25.Ne3 Ngf6 26.Nd5 Nxd5 27.exd5 Nf6 28.Nf3 e4 29.Bxd6 cxd6
30.Ng5 Bxd5 31.Qf4 Qf5 32.Qxf5 gxf5 33.f3 Re5 34.Kf2 Rc8 35.Bb3 Bxb3 36.axb3 d5
37.Rd4 h4 38.Ra1 f4 39.Nxf7 Kxf7 40.Rxa6 Rg8  0-1

[Event "IX Lubuska Wiosna Op"]
[Site "Gorzow POL"]
[Date "2013.03.30"]
[Round "7"]
[White "Grela,K"]
[Black "Dwilewicz,K"]
[Result "1-0"]
[WhiteElo "1977"]
[BlackElo "1629"]

1.e4 e5 2.Nf3 Nc6 3.Bb5 a6 4.Ba4 Nf6 5.O-O Be7 6.Re1 b5 7.Bb3 d6 8.c3 O-O
9.h3 Nb8 10.d3 Nbd7 11.Nbd2 Bb7 12.Nf1 Nc5 13.Bc2 Re8 14.Ng3 g6 15.d4 Ncd7
16.a4 Bf8 17.b3 Bg7 18.a5 Rc8 19.Nh2 c5 20.d5 c4 21.b4 Qc7 22.h4 Re7 23.h5 Rf8
24.Rf1 Ne8 25.Be3 Bc8 26.Qd2 Nb8 27.f4 exf4 28.Bxf4 Nd7 29.Nf3 Ne5 30.Bh6 Bd7
31.Nd4 Ng4 32.Bxg7 Nxg7 33.hxg6 hxg6 34.Rf4 Qd8 35.Nc6 Bxc6 36.Rxg4 Bd7 37.Rh4 Re5
38.Qh6 Nh5 39.Nxh5 gxh5 40.Rxh5 Rxh5 41.Qxh5 Re8 42.Rf1 Qe7 43.e5 f5 44.exf6 Qf7
45.Bg6  1-0

[Event "ch-WLS 2013"]
[Site "Cardiff WLS"]
[Date "2013.03.31"]
[Round "5.1"]
[White "Jones,RS"]
[Black "Strugnell,C"]
[Result "1-0"]
[WhiteElo "2399"]
[BlackElo "2301"]

1.e4 e5 2.Nf3 Nc6 3.Bb5 a6 4.Ba4 Nf6 5.O-O Be7 6.Re1 b5 7.Bb3 d6 8.c3 O-O
9.h3 Nb8 10.d4 Nbd7 11.Nbd2 Bb7 12.Bc2 c5 13.Nf1 cxd4 14.cxd4 exd4 15.Ng3 d3
16.Qxd3 Nc5 17.Qd4 Ne6 18.Qd1 Re8 19.Ng5 Nxg5 20.Bxg5 g6 21.Qd4 d5 22.e5 Nd7
23.Bxe7 Qxe7 24.f4 Rac8 25.Bb3 Nc5 26.Rac1 Ne6 27.Qf2 Qb4 28.Rxc8 Rxc8 29.f5 Nf4
30.fxg6 hxg6 31.Rf1 g5 32.Nh5 Qc5 33.Nxf4 gxf4 34.Qxc5 Rxc5 35.Rxf4 a5 36.a3 a4
37.Bd1 Rc1 38.Rf1 Rb1 39.Bh5 Rxb2 40.Rxf7 Bc8 41.Rc7 Be6 42.Rc6 b4 43.axb4 a3
44.Rxe6 a2 45.Ra6 Rb1+ 46.Kf2 a1=Q 47.Rxa1 Rxa1 48.Ke3 Rb1 49.Kd4 Rxb4+ 50.Kxd5 Rb2
51.Bf3 Rb6 52.Kc5 Rh6 53.e6 Kf8 54.Kd6 Ke8 55.Bc6+ Kd8 56.Be4 Ke8 57.Bf5 Kf8
58.g4 Kg7 59.g5 Rh8 60.e7  1-0

[Event "17th Neckar Open"]
[Site "Deizisau GER"]
[Date "2013.04.01"]
[Round "9.11"]
[White "Burg,T"]
[Black "Wagner,De"]
[Result "1/2-1/2"]
[WhiteElo "2478"]
[BlackElo "2474"]

1.e4 e5 2.Nf3 Nc6 3.Bb5 a6 4.Ba4 Nf6 5.O-O Be7 6.Re1 b5 7.Bb3 d6 8.c3 O-O
9.h3 Nb8 10.d3 Nbd7 11.Nbd2 Bb7 12.Nf1 Nc5 13.Bc2 Re8 14.Ng3 Bf8 15.b4 Ncd7
16.c4 g6 17.Bb3 bxc4 18.dxc4 a5 19.b5 Nc5 20.Bc2 a4 21.Nd2 c6 22.bxc6 Bxc6
23.Nb1 Qa5 24.Bd2 Qa6 25.Na3 Rab8 26.Rb1 Rxb1 27.Qxb1 Re7 28.f3 Rb7 29.Qc1 Ne6
30.Ne2 Nd7 31.Be3 Ndc5 32.Rd1 Bd7 33.Bd3 Bg7 34.Nc3 Nd4 35.Bxd4 exd4 36.Nd5 Bc6
37.Nb5 Nxd3 38.Rxd3 Bxb5 39.cxb5 Rxb5 40.Rd1 Rc5 41.Qg5 Qa8 42.Qe7 Qb8 43.Kh2 Rc2
44.Rb1 Qxb1 45.Qd8+ Bf8 46.Nf6+ Kg7 47.Ne8+ Kg8 48.Nf6+ Kg7 49.Ne8+ Kg8  1/2-1/2

[Event "Norwegian Open 2013"]
[Site "Fagernes NOR"]
[Date "2013.04.02"]
[Round "9"]
[White "Gullaksen,E"]
[Black "Urkedal,F"]
[Result "0-1"]
[WhiteElo "2391"]
[BlackElo "2470"]

1.e4 e5 2.Nf3 Nc6 3.Bb5 a6 4.Ba4 Nf6 5.O-O Be7 6.Re1 b5 7.Bb3 d6 8.c3 O-O
9.h3 Nb8 10.d3 Bb7 11.Nbd2 Nbd7 12.Nf1 Nc5 13.Bc2 Re8 14.b4 Ncd7 15.Bd2 Bf8
16.Ng3 g6 17.a4 Bg7 18.Bb3 c5 19.Qc2 Qe7 20.Qb2 d5 21.axb5 axb5 22.Rxa8 Rxa8
23.exd5 Nxd5 24.Ra1 Nf4 25.Rxa8+ Bxa8 26.Bxf4 exf4 27.Qe2 Ne5 28.Nxe5 fxg3
29.d4 gxf2+ 30.Kxf2 cxd4 31.Nxf7 Kf8 32.g3 dxc3 33.Qg4 Qb7 34.Ng5 Qg2+ 35.Ke1 Qd2+
36.Kf1 Bg2+ 37.Kg1 Bd4+  0-1

[Event "2nd Martinique Open"]
[Site "Fort-de-France FRA"]
[Date "2013.04.06"]
[Round "8.1"]
[White "Rausis,I"]
[Black "Fedorchuk,S"]
[Result "1/2-1/2"]
[WhiteElo "2516"]
[BlackElo "2652"]

1.e4 e5 2.Nf3 Nc6 3.Bb5 a6 4.Ba4 Nf6 5.O-O Be7 6.Re1 b5 7.Bb3 d6 8.c3 O-O
9.h3 Nb8 10.d4 Nbd7 11.Nbd2 Bb7 12.Bc2 Re8 13.Nf1 Bf8 14.Ng3 g6 15.a4 c6
16.b4 Qc7 17.Bg5 Bg7 18.Bd3 Nb6 19.a5 Nbd7 20.Qd2 Nf8 21.Rad1 Rad8 22.Qc1 Ne6
23.Be3 Qb8 24.Ng5 Nd7 25.Nxe6 Rxe6 26.Bc2  1/2-1/2

[Event "TCh-CZE Div1 Zapad 2012-13"]
[Site "Czech Republic CZE"]
[Date "2013.04.07"]
[Round "10.1"]
[White "Rasik,V"]
[Black "Bindrich,F"]
[Result "1-0"]
[WhiteElo "2516"]
[BlackElo "2532"]

1.e4 e5 2.Nf3 Nc6 3.Bb5 a6 4.Ba4 Nf6 5.O-O Be7 6.Re1 b5 7.Bb3 d6 8.c3 O-O
9.h3 Nb8 10.d4 Nbd7 11.Nbd2 Bb7 12.Bc2 Re8 13.Nf1 Bf8 14.Ng3 g6 15.a4 c5
16.d5 c4 17.Bg5 h6 18.Be3 Nc5 19.Qd2 h5 20.Bg5 Be7 21.Bh6 Nh7 22.Be3 Bf6
23.Ra3 Rb8 24.Rea1 Qc7 25.Ne2 Bc8 26.axb5 axb5 27.Nc1 Nf8 28.b3 cxb3 29.Nxb3 Na4
30.c4 bxc4 31.Na5 Nc5 32.Nc6 Rb7 33.Bxc5 dxc5 34.Ra5 Nd7 35.Qe3 Bg7 36.Nd2 Nb6
37.Qxc5 Bf8 38.Qb5 c3 39.Nf3 Bd7 40.Ra6 Nc8 41.Qd3 Bb4 42.Rb1 Bc5 43.Qxc3 Rxb1+
44.Bxb1 Qb7 45.Bd3 Bf8 46.Ra1 Bg7 47.Rb1 Qa8 48.Ra1 Qb7 49.Rb1 Qa8 50.Rb8 Qa4
51.Rb7 Qd1+ 52.Bf1 Bf5 53.exf5 e4 54.Qd2 Qa1 55.fxg6 fxg6 56.Nfd4 e3 57.fxe3 Nd6
58.Ra7  1-0

[Event "4th LUCOPEN 2013"]
[Site "Lille FRA"]
[Date "2013.04.16"]
[Round "5.2"]
[White "Vaibhav,S"]
[Black "Pancevski,F"]
[Result "1-0"]
[WhiteElo "2513"]
[BlackElo "2500"]

1.e4 e5 2.Nf3 Nc6 3.Bb5 a6 4.Ba4 Nf6 5.O-O Be7 6.Re1 b5 7.Bb3 d6 8.c3 O-O
9.h3 Nb8 10.d4 Nbd7 11.Nbd2 Bb7 12.Bc2 Re8 13.Nf1 Bf8 14.Ng3 g6 15.Bg5 h6
16.Be3 Bg7 17.Qd2 Kh7 18.Rad1 c6 19.b4 Qe7 20.a4 Qf8 21.dxe5 dxe5 22.Bb3 Qe7
23.h4 Rad8 24.Qa2 Rf8 25.h5 Nxh5 26.Nxh5 gxh5 27.Rd2 c5 28.axb5 cxb4 29.bxa6 Bxe4
30.Bc2 f5 31.Bxe4 fxe4 32.Qc2 Nf6 33.cxb4 Qxb4 34.Bc5 Rxd2 35.Nxd2 Rc8 36.Bxb4 Rxc2
37.Ra1  1-0

[Event "7th Agzamov Memorial"]
[Site "Tashkent UZB"]
[Date "2013.04.17"]
[Round "4"]
[White "Zubarev,Al1"]
[Black "Fedorchuk,S"]
[Result "1/2-1/2"]
[WhiteElo "2568"]
[BlackElo "2652"]

1.e4 e5 2.Nf3 Nc6 3.Bb5 a6 4.Ba4 Nf6 5.O-O Be7 6.Re1 b5 7.Bb3 d6 8.c3 O-O
9.h3 Nb8 10.d4 Nbd7 11.Nbd2 Bb7 12.Bc2 Re8 13.Nf1 Bf8 14.Ng3 g6 15.a4 c5
16.d5 c4 17.Bg5 h6 18.Be3 Nc5 19.Qd2 h5 20.Bg5 Bg7 21.Ra3 Qc7 22.Rea1 Nh7
23.Be3 Rab8 24.axb5 axb5 25.Ra7 Bf6 26.R1a5  1/2-1/2

[Event "77th ch-BUL 2013"]
[Site "Bankya BUL"]
[Date "2013.04.22"]
[Round "8.1"]
[White "Vutov,M"]
[Black "Arnaudov,G"]
[Result "0-1"]
[WhiteElo "2362"]
[BlackElo "2489"]

1.e4 e5 2.Nf3 Nc6 3.Bb5 a6 4.Ba4 Nf6 5.O-O Be7 6.Re1 b5 7.Bb3 d6 8.c3 O-O
9.h3 Nb8 10.d4 Nbd7 11.a4 Bb7 12.Bc2 c5 13.Nbd2 cxd4 14.cxd4 Qc7 15.Bd3 bxa4
16.Qxa4 exd4 17.Qxd4 Nc5 18.Bb1 Nfd7 19.Ra3 Rac8 20.b4 Ne6 21.Qe3 Ne5 22.Bb2 Bf6
23.Nd4 Bg5 24.Qe2 Bxd2 25.Qxd2 Nc4 26.Qc3 Nxa3 27.Qxa3 Nxd4 28.Bxd4 f6 29.Qd3 Qc6
30.Ba2+ Kh8 31.Bd5 Qd7 32.Bc4 Qa4 33.Be6 Rce8 34.Ra1 Qxb4 35.Rb1 Bxe4  0-1

[Event "48th Capablanca Open I 2013"]
[Site "Havana CUB"]
[Date "2013.05.01"]
[Round "10.44"]
[White "Gonzalez Mesa,Dan"]
[Black "Fernandez Rivero,Karla July"]
[Result "0-1"]
[WhiteElo "2275"]
[BlackElo "2055"]

1.e4 e5 2.Nf3 Nc6 3.Bb5 a6 4.Ba4 Nf6 5.O-O Be7 6.c3 O-O 7.Re1 b5 8.Bb3 d6
9.h3 Nb8 10.d4 Nbd7 11.Nbd2 Bb7 12.Bc2 Re8 13.d5 Bf8 14.c4 c6 15.b3 g6 16.Nf1 Nb6
17.Ne3 Rc8 18.Bd2 Nbd7 19.a4 bxa4 20.bxa4 Nc5 21.dxc6 Bxc6 22.Nd5 Nxd5 23.cxd5 Bd7
24.a5 Rb8 25.Rb1 Bb5 26.Bb4 Qd7 27.Bxc5 dxc5 28.Qd2 Bd6 29.Nh2 Qe7 30.Qh6 Qf8
31.Qxf8+ Kxf8 32.Ng4 Kg7 33.Ne3 c4 34.Nd1 Bd7 35.Rb6 Rxb6 36.axb6 Rb8 37.Ne3 Bb5
38.Rb1 Bc5  0-1

[Event "Victory Day Open 2013"]
[Site "Moscow RUS"]
[Date "2013.05.05"]
[Round "2.12"]
[White "Denishev,M"]
[Black "Shevchenko,Alexe"]
[Result "1/2-1/2"]
[WhiteElo "2225"]
[BlackElo "2130"]

1.e4 e5 2.Nf3 Nc6 3.Bb5 a6 4.Ba4 Nf6 5.O-O Be7 6.Re1 b5 7.Bb3 d6 8.h3 O-O
9.c3 Nb8 10.d4 Nbd7 11.Nbd2 Bb7 12.d5 c6 13.dxc6 Bxc6 14.Bc2 Re8 15.Nf1 Bf8
16.Ng3 d5 17.Bg5 Qc7 18.exd5 Bxd5 19.Bb3 Bxb3 20.axb3 h6 21.Be3 a5 22.Qc2 Bc5
23.Nf5 Bxe3 24.Rxe3 Nd5 25.Ree1 Nf4 26.Rad1 Ra6 27.Qd2 Nf8 28.Nd6 Re6 29.Nxb5 Qb7
30.Nbd4 Nxh3+ 31.Kh2 exd4 32.Kxh3 dxc3 33.Qxc3 Rxe1 34.Rxe1 Ne6 35.Kh2 Rb6
36.Re3 Qd5 37.Ne5 Rb4 38.Nc4 Qh5+ 39.Rh3 Qf5 40.Rf3 Qh5+ 41.Kg1 Ng5 42.Rd3 Ne6
43.Qd2 Rb5 44.Nd6 Re5 45.Qc3 Qe2 46.Qd2 Qe1+ 47.Qxe1 Rxe1+ 48.Kh2 Re2 49.Kg3 Rxb2
50.Nc4 Ra2 51.Rd5 a4 52.bxa4 Rxa4 53.Ne5 Ra3+ 54.f3  1/2-1/2

[Event "31st Liechtenstein Open 2013"]
[Site "Triesen LIE"]
[Date "2013.05.10"]
[Round "8.15"]
[White "Bezler,R"]
[Black "Bluhm,S"]
[Result "1-0"]
[WhiteElo "2206"]
[BlackElo "2030"]

1.e4 e5 2.Nf3 Nc6 3.Bb5 a6 4.Ba4 Nf6 5.O-O Be7 6.Re1 b5 7.Bb3 d6 8.c3 O-O
9.h3 Nb8 10.d4 Nbd7 11.Nbd2 Bb7 12.a4 Bc6 13.c4 b4 14.c5 Bb7 15.Qc2 exd4
16.c6 d3 17.Qc4 Nb6 18.cxb7 Nxc4 19.bxa8=Q Qxa8 20.Bxc4 Nd7 21.Nb3 Bf6 22.Bxd3 d5
23.e5 Be7 24.Bg5 Qd8 25.Bxe7 Qxe7 26.Bxa6 Nc5 27.Nxc5 Qxc5 28.Rec1 Qb6 29.Bd3 Ra8
30.b3 c5 31.Bb5 h6 32.Ra2 Kf8 33.Rd2 Rd8 34.Rcd1 d4 35.Bc4 g5 36.Ra1 Ra8
37.Rda2 Ra5 38.Ne1 Qg6 39.Nd3 h5 40.Re1 Ke7 41.Rae2 Qg7 42.Re4 Qg6 43.h4 gxh4
44.e6 f6 45.Nf4  1-0

[Event "XV Foment Martinenc"]
[Site "Barcelona ESP"]
[Date "2013.05.11"]
[Round "4.1"]
[White "Lopez Perdomo,J"]
[Black "Pardo Simon,D"]
[Result "1/2-1/2"]
[WhiteElo "2090"]
[BlackElo "2418"]

1.e4 e5 2.Nf3 Nc6 3.Bb5 a6 4.Ba4 Nf6 5.O-O Be7 6.Re1 b5 7.Bb3 d6 8.c3 O-O
9.h3 Nb8 10.d3 Nbd7 11.Nbd2 Bb7 12.Nf1 Nc5 13.Bc2 Re8 14.Ng3 Bf8 15.b4 Ncd7
16.d4 a5 17.d5 c6 18.dxc6 Bxc6 19.bxa5 Rxa5 20.Bb3 Nc5 21.Bg5 h6 22.Bxf6 Qxf6
23.Bd5 Bd7 24.Re3 Ne6 25.Ne2 g5 26.Nh2 Qg6 27.Qd2 Ra7 28.Rg3 Be7 29.Rd1 Nc5
30.Rf3 Be6 31.Ng3 Ra4 32.Re1 Bxd5 33.Qxd5 Qe6 34.Qc6 Rc8 35.Qxb5 h5 36.Rfe3 Qg6
37.Qe2 g4 38.Nf5 Bg5 39.hxg4 Qf6 40.gxh5 Bxe3 41.Qg4+ Kh8 42.Rxe3 Rxa2 43.Nf3 Rg8
44.Qh4 Nd7 45.Qxf6+ Nxf6 46.Nxd6 Ng4 47.Re1 f6 48.Nh4 Rxf2 49.Ng6+ Kh7 50.Nf5 Rb8
51.Ra1 Ra2 52.Rd1 Rd2 53.Ra1 Rb7 54.c4 Rc2 55.g3 Nh6 56.Nf8+ Kg8 57.Nxh6+ Kxf8
58.Nf5 Rbb2 59.h6 Rg2+ 60.Kf1 Rbf2+ 61.Ke1 Re2+ 62.Kf1 Ref2+ 63.Ke1 Re2+
64.Kf1  1/2-1/2

[Event "27th Metropolitan GM"]
[Site "Los Angeles USA"]
[Date "2013.05.16"]
[Round "3"]
[White "Khachiyan,M"]
[Black "Remlinger,L"]
[Result "1-0"]
[WhiteElo "2518"]
[BlackElo "2308"]

1.e4 e5 2.Nf3 Nc6 3.Bb5 a6 4.Ba4 Nf6 5.O-O Be7 6.Re1 b5 7.Bb3 d6 8.c3 O-O
9.h3 Nb8 10.d3 Nbd7 11.Nbd2 Nc5 12.Bc2 Re8 13.b4 Ncd7 14.a4 Nb6 15.axb5 axb5
16.Rxa8 Nxa8 17.d4 Bf8 18.Nb3 exd4 19.Qxd4 h6 20.Bf4 Nb6 21.Qd3 Nc4 22.Nbd2 Na3
23.Bb3 Bb7 24.e5 dxe5 25.Qxd8 Rxd8 26.Bxe5 Ne8 27.Bd4 Bxf3 28.Nxf3 Nc4 29.Ra1 Ned6
30.Ra7 Rc8 31.g4 Ne4 32.Bc2 Ncd6 33.Ne5 c5 34.bxc5 Nxc5 35.Bb1 Ne6 36.Ba2 Re8
37.Be3 Re7 38.Ra6 Rc7 39.Bxe6 fxe6 40.Ng6 Nc8 41.Bd4 Bd6 42.Ne5 Kf8 43.Kf1 Ke7
44.Ke2 Rb7 45.Nc6+ Ke8 46.Ra8 Kd7 47.Bxg7 Nb6 48.Na5 Rc7 49.Rb8 Nd5 50.Kf3 Rxc3+
51.Bxc3 Bxb8 52.Bd2 b4 53.Bxh6 Bc7 54.Nb3 Bb6 55.h4 e5 56.h5 Ke6 57.Nd2 Bd4
58.Be3 Bc3 59.Ne4 Nf6 60.h6 Nxe4 61.Kxe4 b3 62.Kd3 b2 63.Kc2 Kf6 64.f3 Kg6
65.g5 Kh7 66.Bc5 Kg6 67.Be7 Kh7 68.Bf6 Kg6 69.f4 exf4 70.Bxc3 f3 71.Bd4  1-0

[Event "BSG Pinkstertoernooi 2013"]
[Site "Bussum NED"]
[Date "2013.05.18"]
[Round "2.13"]
[White "Hachijan,A"]
[Black "Rose,K"]
[Result "1-0"]
[WhiteElo "2231"]
[BlackElo "1996"]

1.e4 e5 2.Nf3 Nc6 3.Bb5 a6 4.Ba4 Nf6 5.O-O b5 6.Bb3 Be7 7.Re1 d6 8.c3 O-O
9.h3 Nb8 10.d4 Nbd7 11.Nbd2 Bb7 12.Bc2 Re8 13.Nf1 Bf8 14.Ng3 g6 15.a4 Bg7
16.Bd3 Re7 17.Ra3 exd4 18.cxd4 b4 19.Ra2 c5 20.d5 Rc8 21.b3 a5 22.Rae2 Nb6
23.Nd2 Nfd7 24.f4 Bc3 25.Rf1 c4 26.Nxc4 Nxc4 27.Bxc4 Rxc4 28.bxc4 Ba6 29.Rf3 Bxc4
30.Ref2 f5 31.Rxc3 bxc3 32.Qd4 Nb6 33.Qxc3 fxe4 34.Bb2 Kf7 35.f5 Re5 36.fxg6+ Kxg6
37.Nxe4 Qh4 38.Qf3  1-0

[Event "BSG Pinkstertoernooi KO 2013"]
[Site "Bussum NED"]
[Date "2013.05.20"]
[Round "1.2"]
[White "Ootes,La"]
[Black "Klein,Da"]
[Result "1-0"]
[WhiteElo "2356"]
[BlackElo "2464"]

1.e4 e5 2.Nf3 Nc6 3.Bb5 a6 4.Ba4 Nf6 5.O-O b5 6.Bb3 Be7 7.Re1 d6 8.c3 O-O
9.h3 Nb8 10.d4 Nbd7 11.Nbd2 Bb7 12.Bc2 Re8 13.Nf1 Bf8 14.Ng3 g6 15.a4 Bg7
16.Bg5 c6 17.Qd2 Qe7 18.Bb3 Qf8 19.Rad1 h6 20.dxe5 dxe5 21.Be3 Nc5 22.Bxc5 Qxc5
23.axb5 cxb5 24.Qd6 Qxd6 25.Rxd6 Re7 26.Nd2 Rd7 27.Rxd7 Nxd7 28.Ndf1 Nc5
29.Bc2 Rd8 30.Ne3 Bf6 31.Rd1 Rxd1+ 32.Nxd1 Bg5 33.b4 Nd7 34.Kf1 Nb6 35.Ke2 Kf8
36.Nf1 Ke7 37.Nfe3 h5 38.g3 h4 39.gxh4 Bxh4 40.f3 Bg3 41.Bb3 Bf4 42.Nf2 f6
43.Nd3 Bxe3 44.Kxe3 g5 45.Nf2 Bc8 46.Ng4 Bd7 47.Kd3 Be8 48.Nf2 Nc8 49.Ng4 Nd6
50.Ne3 Bc6 51.Nd5+ Bxd5 52.Bxd5 Kd7 53.Bb3 Kc7 54.Bd5 Kb6 55.Bb3 Nb7 56.c4 bxc4+
57.Kxc4 Nd8 58.Ba4 a5 59.bxa5+ Kxa5 60.Bd7 Kb6 61.Kd5 Kc7 62.Bg4 Kb6 63.Kd6 Nc6
64.Ke6 Kc5 65.Kxf6 Kd6 66.Kxg5 Nd4 67.h4 Ke7 68.h5 Kf7 69.h6 Ne2 70.Be6+ Kf8
71.h7 Kg7 72.h8=Q+ Kxh8 73.Kf6  1-0